|
|
|
|
| LEADER |
01198Ccm#a2200337Ia#4500 |
| 001 |
021543 |
| 005 |
20160707154558.0 |
| 008 |
100326s1959 pl suaef## n # polmd |
| 040 |
|
|
|a DLC
|d OCL
|
| 047 |
|
|
|a su
|
| 048 |
|
|
|a bd
|
| 082 |
0 |
4 |
|a 784.185
|2 21
|
| 100 |
1 |
|
|a Serocki, Kazimierz
|d 1922-1981
|
| 240 |
1 |
0 |
|a Suite, 4 trombones.
|
| 245 |
0 |
2 |
|a Suita na 4 puzony :
|b Suita per 4 tromboni
|c Kazimierz Serocki.
|
| 250 |
|
|
|a Wyd. II.
|
| 260 |
|
|
|a Kraków,
|b Polskie Wydawn. Muzyczne,
|c c1954.
|
| 300 |
|
|
|a 1 partitura (14 p.) + 4 partes ;
|c 34 cm.
|
| 306 |
|
|
|a 001000
|
| 500 |
|
|
|a Duracion: aprox. 10 min.
|
| 500 |
|
|
|a Para cuarteto de bronce.
|
| 505 |
0 |
|
|a Intrada -- Canone -- Interludium -- Corale -- Intermezzo -- Arietta -- Toccatina.
|
| 942 |
|
|
|c PAR
|n 0
|
| 650 |
|
7 |
|a Música
|2 spines
|
| 651 |
|
7 |
|a Polonia
|2 spines
|
| 653 |
|
|
|a Suites
|
| 653 |
|
|
|a Partituras
|
| 653 |
|
|
|a Trombón
|
| 653 |
|
|
|a Cuarteto de bronce
|
| 929 |
|
|
|a DONACION
|b Fundación Gaudeamus
|d 0
|e 20041130
|f PAT0018896 (Partitura del director), PAT0019375 (Partitura Trombón I), PAT0019374 (Partitura Trombón II), PAT0019373 (Partitura Trombón III), PAT0019376 (Partitura Trombón IV)
|j 44675
|
| 999 |
|
|
|c 290
|d 75677
|